| 000 | 01612nam a22002777a 4500 | ||
|---|---|---|---|
| 001 | BRCA_9227 | ||
| 003 | FranzMayer | ||
| 005 | 20220921134105.0 | ||
| 008 | 220912b |||||||| |||| 00| 0 eng d | ||
| 020 | _a9788412009781 | ||
| 040 |
_bspa _cMFM |
||
| 041 | _aspa | ||
| 050 |
_aNE1325. Y67 _bC54 2019 |
||
| 245 |
_aCien aspectos de la luna : _bTsukioka Yoshitoshi / _ced. V. David Almazán Tomás |
||
| 250 |
_a2da. ed. _b1ra. reimpresión |
||
| 260 |
_aEspaña : _bSans Soleil, _c2019 |
||
| 300 |
_a229 p. : _bil. ; _c15 x 21 cm. |
||
| 490 | _aJapón | ||
| 500 | _aUbicación: L60-N1 | ||
| 500 | _aNotas: pp. 227-229 | ||
| 520 | _aLa cuidada edición que ofrece V. David Almazán Tomás, plagada de referencias y explicaciones que nos acercan al universo creativo de Yoshitoshi y al folklore nipón desde sus remotos inicios, se convierte de este modo en una completa enciclopedia visual de la historia de Japón por la que veremos desfilar poesía y teatro, bellas geishas y fieros samuráis, misteriosos fantasmas y tradiciones ancestrales, cortesanos versados en el uso de la espada y la palabra, e historias que nos hablan de amor y guerra. La serie logra así compendiar buena parte de los episodios históricos más relevantes y de las leyendas más recordadas del antiguo Japón en los que la luna siempre fue su silenciosa protagonista. - Proporcionado por la editorial. | ||
| 600 |
_aTaiso, Yoshitoshi, _d1839-1892 _vCatálogo _xArte _zJapón _928546 |
||
| 650 |
_aUkiyoe _xArte _xGrabado _zJapón _928547 |
||
| 942 |
_2lcc _cB |
||
| 999 |
_c10846 _d10846 |
||